|
|
|
|
| LEADER |
01031nam a2200217 a 4500 |
| 001 |
00820383 |
| 003 |
GR-PaULI |
| 008 |
100303s2004 gr e b 000 0 gre d |
| 020 |
|
|
|a 9607258703
|q (pbk.)
|
| 040 |
|
|
|a GrPaTEI
|b gre
|c GR-PaULI
|
| 082 |
|
0 |
|a 620.00151
|2 22
|
| 100 |
1 |
|
|a Πνευματικός, Σπύρος Ν.
|
| 245 |
1 |
0 |
|a Μαθήματα κλασικής μηχανικής /
|c Σπύρου Ν. Πνευματικού.
|
| 260 |
|
|
|a [Αθήνα] :
|b Γ. Α. Πνευματικός,
|c 2004
|
| 300 |
|
|
|a 148 σ. :
|b εικ., πίν. ;
|c 24 εκ.
|
| 504 |
|
|
|a Περιλαμβάνει βιβλιογραφικές παραπομπές ( [σ. 149] ).
|
| 650 |
|
4 |
|a Μηχανοτεχνικά μαθηματικά
|2 EEB
|
| 942 |
|
|
|2 ddc
|
| 952 |
|
|
|0 0
|1 0
|2 ddc
|4 0
|6 620_001510000000000_ΠΝΕ
|7 1
|9 250871
|a LISK
|b LISK
|c BSC
|d 2021-01-17
|e 24
|f 0
|g 0.00
|l 0
|o 620.00151 ΠΝΕ
|p 99241000061864
|r 2021-01-17 00:00:00
|t 1
|w 2021-01-17
|y BKN
|x Purchase/Donation Number
|x General Note
|x GrPaTEI
|
| 971 |
|
|
|a .b15085016
|b 25-09-20
|c 31-08-15
|
| 999 |
|
|
|c 148891
|d 148891
|